000 00984nam a22003017a 4500
001 BR8701469
003 BR-BrBNA
005 20230928092418.0
007 ta
008 230509b bl.||||| |||| 00| 0 por d
040 _aBR-BrBNA
_bpor
_cBiblioteca Nacional de Agricultura
041 _a(Por)
072 _aL01
_b9410
_b/G514
090 _ 9410 BR8701469
100 1 _aDella Giustina, J.E.
100 1 _aPaul, J.M.
100 1 _aVieira, L.M.
110 1 _aComissao Estadual de Planejamento Agricola, Florianopolis, SC (Brasil)
_92047
245 1 _aEstudo sobre a situacao da exploracao leiteira na Regiao do Planalto Serrano Catarinense [Brasil]
_bVersao preliminar
260 3 _aFlorianopolis, SC (Brasil):
_c1981.
300 _a94 p.
500 _a49 tables. (*) Documento disponível na(o) CEAGRI, Florianopolis, SC (Brazil)
650 _aEXPLORACAO AGRICOLA
650 _aLEITE
650 _aSANTA CATARINA
909 _a202309
_bLucia
_c55
_dLucia Elande
942 _cBK
999 _c38905
_d38905